000 006590000a22002170004500
005 20120302052545.0
942 _cBOOK
100 _a Hermanns, M.
245 _a Evolution of man: A challenge to Darwinism through human biogenetics, physical and cultural anthropology, prehistory and palaeontology
260 _aAllahabad:
_bSociety of St. Paul,
_c1955
300 _aviii,139p
490 _aA challenge to Darwinism
040 _aENG
365 _bRs.
650 _aEvolution-Man
650 _aGenotype-Man
650 _aMendelism
650 _aPhenotype-Man
650 _aPrehistory-Cultural Anthropology
650 _aPalaeontology-Evolution-Man
999 _c340446
_d340443